[Event "Western Canadian op"]
[Site "Richmond CAN"]
[Date "2004.07.16"]
[Round "8.45"]
[White "Chow, Thomas"]
[Black "Cameanii, Valerii"]
[Result "0-1"]
[WhiteElo "1278"]
[BlackElo "1717"]
[PlyCount "70"]
[GameId "2160767911095686"]
[EventDate "2004.07.09"]
[EventType "swiss"]
[EventRounds "10"]
[EventCountry "CAN"]

1. d4 d5 2. c4 e5 3. dxe5 d4 4. Nf3 Nc6 5. Bf4 Bb4+ 6. Nbd2 h6 7. a3 Bxd2+ 8. Qxd2 Nge7 9. g3 g5 10. Nxg5 hxg5 11. Bxg5 Nxe5 12. Bxe7 Qxe7 13. Qxd4 Rf8 14. Bg2 Qe6 15. Rd1 Nd7 16. Bd5 Qe5 17. Qh4 c6 18. f4 Qxb2 19. Bf3 Qc3+ 20. Kf1 Qh8 21. Qg5 Qf6 22. Qa5 Qe7 23. e4 b6 24. Qc3 Rg8 25. e5 Qc5 26. Rd6 Nb8 27. Qd3 Ke7 28. Bh5 Be6 29. Rxe6+ Kxe6 30. f5+ Kxe5 31. Bxf7 Rf8 32. Qe2+ Kd6 33. Qe6+ Kc7 34. f6 Nd7 35. Bh5 Rxf6+ 0-1

[Event "Western Canadian op"]
[Site "Richmond CAN"]
[Date "2004.07.17"]
[Round "9"]
[White "Bellon Lopez, Juan Manuel"]
[Black "Yoos, John"]
[Result "1-0"]
[WhiteElo "2416"]
[BlackElo "2405"]
[PlyCount "65"]
[GameId "2160767911095687"]
[EventDate "2004.07.09"]
[EventType "swiss"]
[EventRounds "10"]
[EventCountry "CAN"]
[SourceTitle "CBM 101 Extra"]
[Source "ChessBase"]
[SourceDate "2004.09.01"]
[SourceVersion "2"]
[SourceVersionDate "2004.09.01"]
[SourceQuality "1"]

1. d4 d5 2. Nf3 Nc6 3. Bf4 Bg4 4. e3 e6 5. c3 Bd6 6. Nbd2 Nge7 7. h3 Bxf3 8. Nxf3 Ng6 9. Bxd6 cxd6 10. Bd3 Nh4 11. Nxh4 Qxh4 12. Qg4 Qf6 13. h4 h6 14. Rh3 g6 15. a4 O-O-O 16. a5 Kb8 17. a6 b6 18. Bb5 Rc8 19. Bxc6 Rxc6 20. e4 dxe4 21. Qxe4 Rc7 22. h5 g5 23. g4 d5 24. Rf3 Qg7 25. Qe2 Rhc8 26. Kf1 Qh7 27. Rf6 Rd7 28. Re1 Rc4 29. Kg2 Rcc7 30. Qe5 Rd8 31. Re3 Rg8 32. Ref3 Kc8 33. Qxc7+ 1-0

[Event "Western Canadian op"]
[Site "Richmond CAN"]
[Date "2004.07.17"]
[Round "9"]
[White "Ristovic, Nenad"]
[Black "Koons, Nathaniel"]
[Result "1-0"]
[WhiteElo "2281"]
[BlackElo "2267"]
[PlyCount "37"]
[GameId "2160767911095688"]
[EventDate "2004.07.09"]
[EventType "swiss"]
[EventRounds "10"]
[EventCountry "CAN"]
[SourceTitle "CBM 101 Extra"]
[Source "ChessBase"]
[SourceDate "2004.09.01"]
[SourceVersion "2"]
[SourceVersionDate "2004.09.01"]
[SourceQuality "1"]

1. d4 d5 2. c4 Nc6 3. cxd5 Qxd5 4. Nf3 e5 5. Nc3 Bb4 6. e3 Bg4 7. Be2 Nf6 8. O-O Bxc3 9. bxc3 O-O-O 10. c4 Qd6 11. d5 Nb4 12. Ba3 e4 13. Nd4 Bxe2 14. Qxe2 a5 15. Rab1 h5 16. h3 Kb8 17. Bxb4 axb4 18. Qc2 c5 19. dxc6 1-0

[Event "Western Canadian op"]
[Site "Richmond CAN"]
[Date "2004.07.17"]
[Round "9"]
[White "Welling, Gerard"]
[Black "Bouvier, Jesse"]
[Result "1/2-1/2"]
[WhiteElo "2361"]
[BlackElo "2197"]
[PlyCount "68"]
[GameId "2160767911095689"]
[EventDate "2004.07.09"]
[EventType "swiss"]
[EventRounds "10"]
[EventCountry "CAN"]
[SourceTitle "CBM 101 Extra"]
[Source "ChessBase"]
[SourceDate "2004.09.01"]
[SourceVersion "2"]
[SourceVersionDate "2004.09.01"]
[SourceQuality "1"]

1. Nc3 Nc6 2. e4 d6 3. f4 g6 4. Nf3 Bg4 5. Bb5 Bg7 6. O-O e6 7. Bxc6+ bxc6 8. d3 Nf6 9. Qe1 Nd7 10. Nd2 Bd4+ 11. Kh1 e5 12. Nb3 Bb6 13. Be3 Be6 14. Rd1 Qe7 15. Qf2 Bxe3 16. Qxe3 exf4 17. Qxf4 O-O 18. Na5 c5 19. Nc6 Qe8 20. Nd5 Bxd5 21. exd5 Ne5 22. Nxe5 Qxe5 23. Qxe5 dxe5 24. Rf6 Rad8 25. Rc6 Rxd5 26. Rxc7 e4 27. h3 Re8 28. Re1 e3 29. b3 f5 30. Rxa7 f4 31. Ra4 g5 32. Kg1 Rf5 33. Kf1 h5 34. Ke2 Kg7 1/2-1/2

[Event "Western Canadian op"]
[Site "Richmond CAN"]
[Date "2004.07.17"]
[Round "9.1"]
[White "Lee, Vicente jr."]
[Black "Cramling, Pia"]
[Result "0-1"]
[WhiteElo "2326"]
[BlackElo "2485"]
[PlyCount "64"]
[GameId "2160767911095690"]
[EventDate "2004.07.09"]
[EventType "swiss"]
[EventRounds "10"]
[EventCountry "CAN"]

1. d4 Nf6 2. Nf3 d5 3. c4 c6 4. Nc3 dxc4 5. a4 Bf5 6. Ne5 Na6 7. e3 Nb4 8. Bxc4 e6 9. O-O Bd6 10. Qe2 Nc2 11. Rb1 Bxe5 12. dxe5 Ng4 13. h3 Nxe5 14. Rd1 Qh4 15. Bb3 Nb4 16. Rd4 Qe7 17. e4 Bg6 18. Be3 O-O 19. Rbd1 c5 20. Rd6 b6 21. f4 Nec6 22. Rd7 Qh4 23. Bc4 Bh5 24. Qe1 Qxe1+ 25. Rxe1 Nc2 26. Bf2 Nxe1 27. Bxe1 Bg6 28. Bh4 Rfe8 29. Nb5 Na5 30. Bd3 f6 31. f5 exf5 32. exf5 Rad8 0-1

[Event "Western Canadian op"]
[Site "Richmond CAN"]
[Date "2004.07.17"]
[Round "9.4"]
[White "Harper, Bruce"]
[Black "Davies, Lucas"]
[Result "1/2-1/2"]
[WhiteElo "2326"]
[BlackElo "2130"]
[PlyCount "31"]
[GameId "2160767911095691"]
[EventDate "2004.07.09"]
[EventType "swiss"]
[EventRounds "10"]
[EventCountry "CAN"]

1. c4 e5 2. Nc3 Nc6 3. g3 g6 4. Bg2 Bg7 5. e3 d6 6. Nge2 Be6 7. d4 exd4 8. Nxd4 Nxd4 9. exd4 Qd7 10. O-O Ne7 11. d5 Bf5 12. Be3 O-O 13. Bd4 Bh3 14. Bxg7 Kxg7 15. Qd4+ f6 16. Rfe1 1/2-1/2

[Event "Western Canadian op"]
[Site "Richmond CAN"]
[Date "2004.07.17"]
[Round "9.5"]
[White "Haukenfrers, Dale"]
[Black "Fuentebella, Mayo"]
[Result "1/2-1/2"]
[WhiteElo "2160"]
[BlackElo "2348"]
[PlyCount "98"]
[GameId "2160767911095692"]
[EventDate "2004.07.09"]
[EventType "swiss"]
[EventRounds "10"]
[EventCountry "CAN"]

1. g4 d5 2. Bg2 c6 3. h3 e5 4. d3 Bd6 5. Nc3 Ne7 6. e4 d4 7. Nce2 Ng6 8. Nf3 c5 9. Ng3 Nf4 10. Bxf4 exf4 11. Ne2 Nc6 12. O-O h5 13. g5 f6 14. g6 Be5 15. c3 a5 16. cxd4 cxd4 17. Qb3 Qe7 18. Rac1 Be6 19. Qb5 Qd7 20. Kh2 Bb8 21. Rc5 a4 22. Rxh5 Rg8 23. Rd5 Bxd5 24. exd5 Ne5 25. Nexd4 Qxb5 26. Nxb5 Nxg6 27. h4 Nxh4 28. Re1+ Kf7 29. d6 Nf5 30. Ne5+ fxe5 31. Bd5+ Kf6 32. Bxg8 Bxd6 33. Bd5 Bc5 34. Nc3 Nd6 35. Kg2 Bd4 36. Ne4+ Nxe4 37. dxe4 Rc8 38. Bxb7 Rc2 39. Rf1 Rxb2 40. Bd5 g5 41. Kf3 Rc2 42. Bg8 Rc8 43. Bd5 a3 44. Rh1 Rc2 45. Rh2 Kg6 46. Be6 Kf6 47. Bd5 Rc1 48. Rh6+ Kg7 49. Ra6 Rg1 1/2-1/2

[Event "Western Canadian op"]
[Site "Richmond CAN"]
[Date "2004.07.17"]
[Round "9.7"]
[White "Van den Bersselaar, Jeroen"]
[Black "Meng, Fanhao"]
[Result "1/2-1/2"]
[WhiteElo "2189"]
[BlackElo "2284"]
[PlyCount "130"]
[GameId "2160767911095693"]
[EventDate "2004.07.09"]
[EventType "swiss"]
[EventRounds "10"]
[EventCountry "CAN"]

1. d4 d5 2. c4 Nc6 3. cxd5 Qxd5 4. e3 e5 5. Nc3 Bb4 6. Bd2 Bxc3 7. bxc3 Qd6 8. Bd3 f5 9. f3 Nge7 10. Ne2 O-O 11. Qb1 Rb8 12. O-O Be6 13. Be1 b5 14. Bf2 Na5 15. Rd1 Nc4 16. e4 Qa3 17. d5 Bd7 18. Qb3 Qd6 19. Ng3 Nb6 20. Qb4 Qxb4 21. cxb4 f4 22. Nf1 Rfe8 23. Rac1 c6 24. dxc6 Bxc6 25. Bc5 Nbc8 26. Bc2 g6 27. Bb3+ Kg7 28. Be6 a6 29. Rd3 Kf6 30. Bb3 Kg7 31. Nd2 Rb7 32. Be6 Kf6 33. Bh3 Kf7 34. Nb3 Rc7 35. Na5 Ba8 36. Rcd1 h5 37. Rd7 Rxd7 38. Rxd7 g5 39. Bf5 Kf6 40. Bxe7+ Nxe7 41. Rd6+ Kg7 42. Re6 Kf7 43. Rxe5 Rd8 44. h4 gxh4 45. Bh3 Rd4 46. Re6 Rxb4 47. Rxa6 Bxe4 48. fxe4 Rxe4 49. Kf2 Nd5 50. Nb3 Nb4 51. Ra7+ Kg6 52. Nc5 Re5 53. Ne6 Nd3+ 54. Kg1 Re1+ 55. Kh2 Nf2 56. Nxf4+ Kg5 57. g3 hxg3+ 58. Kxg3 Nxh3 59. Nxh3+ Kf6 60. Ra6+ Ke5 61. Rb6 Rb1 62. Ng5 Kd5 63. Ne6 Kc4 64. Rc6+ Kd5 65. Ra6 b4 1/2-1/2

[Event "Western Canadian op"]
[Site "Richmond CAN"]
[Date "2004.07.17"]
[Round "9.8"]
[White "Henson, Joshua"]
[Black "Oszvald, Joseph"]
[Result "1/2-1/2"]
[WhiteElo "2207"]
[BlackElo "2181"]
[PlyCount "115"]
[GameId "2160767911095694"]
[EventDate "2004.07.09"]
[EventType "swiss"]
[EventRounds "10"]
[EventCountry "CAN"]

1. e4 g6 2. d4 Bg7 3. Nf3 c5 4. dxc5 Qa5+ 5. c3 Qxc5 6. Be3 Qc7 7. Nbd2 d6 8. Bd3 Nf6 9. h3 O-O 10. O-O Nbd7 11. Nb3 b6 12. Re1 Bb7 13. Bf4 Nh5 14. Bh2 e5 15. Bb5 Ndf6 16. Nbd2 Rad8 17. c4 h6 18. Qc2 g5 19. Ba4 Bc8 20. Nf1 Nf4 21. Ne3 Qe7 22. Bc6 g4 23. hxg4 Bxg4 24. Nh4 N6h5 25. Nhf5 Qg5 26. Nxg4 Qxg4 27. Bg3 Nxg3 28. fxg3 Ne6 29. Rad1 Nd4 30. Rxd4 exd4 31. Qd3 Qg5 32. b4 Be5 33. Kf2 Kh7 34. Rh1 Rg8 35. Rh3 Qc1 36. b5 Rg6 37. Bd5 Rf6 38. Qf3 Rg8 39. a4 Qc2+ 40. Kg1 d3 41. Qe3 Rgg6 42. Bxf7 Rxf7 43. Rxh6+ Rxh6 44. Qxh6+ Kg8 45. Qg6+ Kf8 46. Qh6+ Bg7 47. Nxg7 Qd1+ 48. Kh2 Rxg7 49. Qxd6+ Kf7 50. Qd7+ Kg8 51. Qc8+ Kf7 52. Qd7+ Kf6 53. Qd6+ Kg5 54. Qf4+ Kh5 55. Qf5+ Kh6 56. Qf6+ Kh7 57. Qf5+ Rg6 58. Qf7+ 1/2-1/2

[Event "Western Canadian op"]
[Site "Richmond CAN"]
[Date "2004.07.17"]
[Round "9.10"]
[White "Goutor, Valentina"]
[Black "Milicevic, Dragoljub"]
[Result "1-0"]
[WhiteElo "1999"]
[BlackElo "2182"]
[PlyCount "57"]
[GameId "2160767911095696"]
[EventDate "2004.07.09"]
[EventType "swiss"]
[EventRounds "10"]
[EventCountry "CAN"]

1. e4 g6 2. d4 Bg7 3. f4 d6 4. Nc3 a6 5. Nf3 b5 6. Bd3 Nd7 7. e5 e6 8. Be3 Ne7 9. Qd2 Nb6 10. Ne4 Bb7 11. b3 O-O 12. O-O Nbd5 13. c4 Nxe3 14. Qxe3 Bxe4 15. Bxe4 d5 16. cxd5 Nxd5 17. Bxd5 Qxd5 18. Rac1 Rfc8 19. Rc5 Qd7 20. Rfc1 Bf8 21. Rc6 Bb4 22. Kh1 Ba5 23. f5 exf5 24. Qh6 f6 25. exf6 Rf8 26. Ne5 Rad8 27. Nxd7 Rxd7 28. Re6 Bb4 29. Re7 1-0

[Event "Western Canadian op"]
[Site "Richmond CAN"]
[Date "2004.07.17"]
[Round "9.11"]
[White "Davies, Noam"]
[Black "Tegzes, Laszlo"]
[Result "1-0"]
[WhiteElo "1898"]
[BlackElo "2118"]
[PlyCount "79"]
[GameId "2160767911095697"]
[EventDate "2004.07.09"]
[EventType "swiss"]
[EventRounds "10"]
[EventCountry "CAN"]

1. e4 c5 2. Nf3 e6 3. d4 cxd4 4. Nxd4 Nf6 5. Nc3 Nc6 6. Ndb5 d6 7. Bf4 e5 8. Bg5 a6 9. Na3 b5 10. Bxf6 gxf6 11. Nd5 f5 12. Bxb5 axb5 13. Nxb5 Ra4 14. O-O Rxe4 15. Nbc7+ Kd7 16. Qh5 Nd4 17. c3 Ne2+ 18. Kh1 Kc6 19. g3 Be6 20. Nxe6 fxe6 21. Ne3 f4 22. Qxe2 fxe3 23. b3 h5 24. f3 h4 25. fxe4 hxg3 26. Qa6+ Qb6 27. Qc8+ Qc7 28. Qxc7+ Kxc7 29. Kg2 gxh2 30. Rh1 d5 31. exd5 exd5 32. Rxh2 Rxh2+ 33. Kxh2 d4 34. cxd4 exd4 35. Kg2 Bb4 36. Kf3 Kd6 37. Ke2 Kc5 38. a3 Bc3 39. Rc1 Kd5 40. Rxc3 1-0

[Event "Western Canadian op"]
[Site "Richmond CAN"]
[Date "2004.07.17"]
[Round "9.12"]
[White "Brodie, Hugh"]
[Black "Aird, Ian"]
[Result "0-1"]
[WhiteElo "1894"]
[BlackElo "2051"]
[PlyCount "102"]
[GameId "2160767911095698"]
[EventDate "2004.07.09"]
[EventType "swiss"]
[EventRounds "10"]
[EventCountry "CAN"]

1. e4 e5 2. Nc3 Nf6 3. f4 d5 4. fxe5 Nxe4 5. Nf3 Be7 6. d4 O-O 7. Bd3 Nxc3 8. bxc3 c5 9. O-O c4 10. Be2 Nc6 11. Ne1 f6 12. exf6 Bxf6 13. Bg4 Qa5 14. Bxc8 Raxc8 15. Bb2 Qb6 16. Rb1 Qa6 17. Nf3 Qxa2 18. Qd2 Qa5 19. Ra1 Qd8 20. Ba3 Re8 21. Rfe1 Qd7 22. Qf4 Qf7 23. Qd6 Rcd8 24. Qg3 Rxe1+ 25. Rxe1 Re8 26. Bd6 Rxe1+ 27. Qxe1 h6 28. h3 Kh7 29. Qe3 a5 30. Kf1 Bg5 31. Qf2 Qf5 32. Nxg5+ Qxg5 33. Bf4 Qf5 34. Qf3 g5 35. Bd6 Qxf3+ 36. gxf3 Kg6 37. Ke1 Kf5 38. Kd1 Ke6 39. Bh2 Ne7 40. f4 Ng6 41. fxg5 hxg5 42. Kd2 Kf5 43. Bc7 a4 44. Kc1 Nf4 45. Kb2 Nxh3 46. Bh2 Nf2 47. Ka3 Ne4 48. Kxa4 Nxc3+ 49. Kb4 Ne2 50. Kc5 Ke4 51. Be5 g4 0-1

[Event "Western Canadian op"]
[Site "Richmond CAN"]
[Date "2004.07.17"]
[Round "9.13"]
[White "Chan, James"]
[Black "Allan, Denis"]
[Result "0-1"]
[WhiteElo "1944"]
[BlackElo "2381"]
[PlyCount "48"]
[GameId "2160767911095699"]
[EventDate "2004.07.09"]
[EventType "swiss"]
[EventRounds "10"]
[EventCountry "CAN"]

1. d4 Nf6 2. c4 d6 3. Nc3 e5 4. dxe5 dxe5 5. Qxd8+ Kxd8 6. g3 c6 7. Bg2 Be6 8. b3 Nfd7 9. Bb2 f6 10. O-O-O Kc7 11. e3 a5 12. Nf3 a4 13. Nxa4 Bxc4 14. Kb1 Be6 15. Nd2 Na6 16. Rc1 Ndc5 17. Nxc5 Nxc5 18. Rc3 Rd8 19. Kc2 Rd7 20. e4 Be7 21. Rd1 Rhd8 22. Ba3 Nxb3 23. Rxb3 Bxb3+ 24. Nxb3 Bxa3 0-1

[Event "Western Canadian op"]
[Site "Richmond CAN"]
[Date "2004.07.17"]
[Round "9.14"]
[White "Metz, Hartmut"]
[Black "Mandic, Slaven"]
[Result "1-0"]
[WhiteElo "2290"]
[BlackElo "1979"]
[PlyCount "43"]
[GameId "2160767911095700"]
[EventDate "2004.07.09"]
[EventType "swiss"]
[EventRounds "10"]
[EventCountry "CAN"]

1. e4 g6 2. d4 Bg7 3. Nc3 d6 4. f4 c6 5. Nf3 Bg4 6. Be3 Qb6 7. Qd2 Bxf3 8. gxf3 Nf6 9. O-O-O d5 10. f5 Nbd7 11. Na4 Qd8 12. e5 Nh5 13. Bd3 b5 14. Nc3 b4 15. Ne2 Qa5 16. Kb1 c5 17. e6 fxe6 18. fxe6 Nb6 19. dxc5 Na4 20. Bd4 Rb8 21. Bxg7 Nxg7 22. Qf4 1-0

[Event "Western Canadian op"]
[Site "Richmond CAN"]
[Date "2004.07.17"]
[Round "9.15"]
[White "Spears, Nicholas"]
[Black "Kazmaier, Daniel"]
[Result "0-1"]
[WhiteElo "2186"]
[BlackElo "1974"]
[PlyCount "92"]
[GameId "2160767911095701"]
[EventDate "2004.07.09"]
[EventType "swiss"]
[EventRounds "10"]
[EventCountry "CAN"]

1. Nf3 f5 2. d4 Nf6 3. c4 g6 4. g3 Bg7 5. Bg2 d6 6. O-O O-O 7. b3 Qe8 8. Bb2 c6 9. d5 Na6 10. Nd4 Bd7 11. Nc3 e5 12. dxe6 Bxe6 13. Nxe6 Qxe6 14. Qc2 h6 15. Rfd1 Rad8 16. Ba3 Nh5 17. Rac1 g5 18. Rd3 Nc5 19. Bxc5 dxc5 20. Rcd1 Rxd3 21. Qxd3 Bf6 22. Nd5 Be5 23. Qe3 Kh8 24. Qxc5 Re8 25. Ne3 f4 26. Bf3 Nf6 27. Nc2 g4 28. Bg2 Bc7 29. gxf4 Bb6 30. Qe5 Qf7 31. Qf5 Rxe2 32. Ne3 Qe7 33. Be4 Bd8 34. Kf1 Nxe4 35. Rd7 Rxf2+ 36. Kg1 Nd6 37. Rxe7 Nxf5 38. Re8+ Kh7 39. Kxf2 Bb6 40. Ke2 Nxe3 41. Re7+ Kg6 42. Rxe3 Bxe3 43. Kxe3 Kf5 44. b4 h5 45. a4 b6 46. a5 c5 0-1

[Event "Western Canadian op"]
[Site "Richmond CAN"]
[Date "2004.07.17"]
[Round "9.16"]
[White "Pechisker, Alfred"]
[Black "Palmer, Jordan"]
[Result "1-0"]
[WhiteElo "2144"]
[BlackElo "1915"]
[PlyCount "143"]
[GameId "2160767911095702"]
[EventDate "2004.07.09"]
[EventType "swiss"]
[EventRounds "10"]
[EventCountry "CAN"]

1. d4 Nf6 2. c4 e5 3. dxe5 Ng4 4. Nf3 Bc5 5. e3 Nc6 6. Be2 O-O 7. a3 Ngxe5 8. Nxe5 Nxe5 9. b4 Be7 10. Bb2 d6 11. Nc3 Be6 12. Nd5 c6 13. Nxe7+ Qxe7 14. Qd4 f6 15. O-O b6 16. Rfd1 c5 17. Qc3 Rad8 18. Rd2 Qf7 19. Rc1 Qg6 20. Qc2 Bf5 21. Qd1 Be4 22. f3 Bb7 23. bxc5 bxc5 24. Kh1 Qh6 25. Rc3 Nf7 26. Qa4 Qh4 27. Rc1 Qf2 28. e4 Rde8 29. Rf1 Qe3 30. Bc1 Qc3 31. Qxa7 Bc6 32. Qb6 Bd7 33. Qb2 Qa5 34. Rd3 Be6 35. Rb3 Ne5 36. Qc2 Qa4 37. Rc3 Qa6 38. Rd1 Bd7 39. Qd2 Nf7 40. Kg1 Ba4 41. Re1 Re7 42. Bd1 Rfe8 43. Bxa4 Qxa4 44. Qd1 Qa6 45. Qd5 Re5 46. Qd3 f5 47. Bf4 R5e6 48. Qd5 Kf8 49. Qxf5 Rf6 50. Qg4 Qb6 51. Qg3 Qb2 52. Rec1 Ra8 53. e5 dxe5 54. Be3 Rc8 55. Qf2 Qb6 56. Rd3 Rfc6 57. Rd5 Qa7 58. Rc3 Qb6 59. h3 Qb1+ 60. Kh2 Qb6 61. Rcd3 Qc7 62. Rd7 Qb8 63. R3d5 e4+ 64. f4 Ke8 65. Qh4 Rf6 66. Qxh7 Kf8 67. Rf5 Qb6 68. Rxf6 Qxf6 69. Qxe4 Nd6 70. Qd5 Nf5 71. Bxc5+ Ke8 72. Ra7 1-0

[Event "Western Canadian op"]
[Site "Richmond CAN"]
[Date "2004.07.17"]
[Round "9.17"]
[White "Obers, Frits"]
[Black "MacLeod, Steven"]
[Result "1/2-1/2"]
[WhiteElo "2096"]
[BlackElo "1954"]
[PlyCount "29"]
[GameId "2160767911095703"]
[EventDate "2004.07.09"]
[EventType "swiss"]
[EventRounds "10"]
[EventCountry "CAN"]

1. d4 Nf6 2. c4 e6 3. Nc3 Bb4 4. Qc2 d5 5. cxd5 exd5 6. Bg5 c5 7. e3 h6 8. Bh4 cxd4 9. exd4 Nc6 10. Bb5 O-O 11. Nge2 Be6 12. O-O Rc8 13. Rad1 Be7 14. a3 Ne4 15. Bxe7 1/2-1/2

[Event "Western Canadian op"]
[Site "Richmond CAN"]
[Date "2004.07.17"]
[Round "9.18"]
[White "Lee, John"]
[Black "Lane, Travis"]
[Result "1/2-1/2"]
[WhiteElo "2038"]
[BlackElo "1895"]
[PlyCount "69"]
[GameId "2160767911095704"]
[EventDate "2004.07.09"]
[EventType "swiss"]
[EventRounds "10"]
[EventCountry "CAN"]

1. c4 e5 2. Nc3 Nc6 3. e3 f5 4. g3 Nf6 5. Bg2 d6 6. d4 e4 7. f3 exf3 8. Nxf3 Qe7 9. O-O Bd7 10. a3 Qf7 11. b3 O-O-O 12. e4 fxe4 13. Ng5 Qg6 14. Ngxe4 Bg4 15. Qd2 h5 16. Qg5 Qh7 17. Be3 Be7 18. Qf4 Rdf8 19. Nxf6 Bxf6 20. Bxc6 bxc6 21. Qe4 Re8 22. Qxc6 Rxe3 23. Nd5 Rxg3+ 24. hxg3 Bxd4+ 25. Kh2 Qc2+ 26. Kh1 Qe4+ 27. Kh2 Qe2+ 28. Kh1 Bf3+ 29. Rxf3 Qxf3+ 30. Kh2 Qe2+ 31. Kh1 Qf3+ 32. Kh2 Qf7 33. Qa8+ Kd7 34. Qxh8 Bxa1 35. Qb8 1/2-1/2

[Event "Western Canadian op"]
[Site "Richmond CAN"]
[Date "2004.07.17"]
[Round "9.19"]
[White "Gaciu, Vlad"]
[Black "Salcedo, Daniel"]
[Result "0-1"]
[WhiteElo "1425"]
[BlackElo "2038"]
[PlyCount "54"]
[GameId "2160767911095705"]
[EventDate "2004.07.09"]
[EventType "swiss"]
[EventRounds "10"]
[EventCountry "CAN"]

1. c4 Nf6 2. Nc3 e6 3. Nf3 c5 4. g3 d5 5. Qa4+ Bd7 6. Qb3 d4 7. Na4 Bc6 8. Bg2 Qa5 9. O-O Qxa4 10. Qxa4 Bxa4 11. Nxd4 cxd4 12. Bxb7 Bc6 13. Bxa8 Bxa8 14. d3 Bd6 15. a3 h5 16. Bg5 Nbd7 17. b4 O-O 18. c5 Bc7 19. Rfc1 Bc6 20. a4 a6 21. Rcb1 Rb8 22. Kf1 Nd5 23. Bd2 e5 24. e4 dxe3 25. fxe3 f5 26. Ke2 e4 27. d4 N7f6 0-1

[Event "Western Canadian op"]
[Site "Richmond CAN"]
[Date "2004.07.17"]
[Round "9.20"]
[White "Wang, Yamei"]
[Black "Verma, Tony"]
[Result "1-0"]
[WhiteElo "2000"]
[BlackElo "1870"]
[PlyCount "49"]
[GameId "2160767911095706"]
[EventDate "2004.07.09"]
[EventType "swiss"]
[EventRounds "10"]
[EventCountry "CAN"]

1. e4 c5 2. c3 Nc6 3. d4 cxd4 4. cxd4 d5 5. exd5 Qxd5 6. Be3 e5 7. Nc3 Bb4 8. Nf3 Bg4 9. Be2 O-O-O 10. O-O Bxc3 11. bxc3 exd4 12. cxd4 Nf6 13. Qa4 Qa5 14. Qc2 Kb8 15. Rab1 Qc7 16. Ba6 Bc8 17. Rfc1 Rd7 18. Qa4 Ka8 19. Bb5 Nd5 20. Ne5 Nb6 21. Qa3 Rd6 22. Bxc6 Rxc6 23. Nxc6 bxc6 24. Qa5 Bb7 25. d5 1-0

[Event "Western Canadian op"]
[Site "Richmond CAN"]
[Date "2004.07.17"]
[Round "9.21"]
[White "Goutor, Evgeni"]
[Black "North, Robert"]
[Result "0-1"]
[WhiteElo "1840"]
[BlackElo "2115"]
[PlyCount "80"]
[GameId "2160767911095707"]
[EventDate "2004.07.09"]
[EventType "swiss"]
[EventRounds "10"]
[EventCountry "CAN"]

1. e4 c5 2. Nf3 d6 3. d4 cxd4 4. Nxd4 Nf6 5. Nc3 a6 6. Bg5 e6 7. Qd2 Qc7 8. O-O-O Nbd7 9. f3 b5 10. Kb1 Bb7 11. g4 h6 12. Be3 d5 13. g5 hxg5 14. Bxg5 Bb4 15. exd5 Bxc3 16. Qxc3 Qxc3 17. bxc3 Bxd5 18. Bg2 O-O-O 19. Rd2 Nb6 20. f4 Na4 21. Bxf6 gxf6 22. Bxd5 Nxc3+ 23. Kb2 Nxd5 24. f5 Nb6 25. Rd3 e5 26. Ne2 Rxd3 27. cxd3 Rh3 28. Ng3 Kd7 29. a3 Nd5 30. Kb3 a5 31. Rc1 Rxh2 32. a4 Rh3 33. Rc5 Rxg3 34. Rxd5+ Kc6 35. Rxb5 Rxd3+ 36. Kc2 Rd5 37. Rb8 e4 38. Rf8 Kd6 39. Rxf7 Ke5 40. Rh7 Kxf5 0-1

[Event "Western Canadian op"]
[Site "Richmond CAN"]
[Date "2004.07.17"]
[Round "9.23"]
[White "Lister, Curtis"]
[Black "Strazhnik, Mikhail"]
[Result "1-0"]
[WhiteElo "1964"]
[BlackElo "1749"]
[PlyCount "43"]
[GameId "2160767911095708"]
[EventDate "2004.07.09"]
[EventType "swiss"]
[EventRounds "10"]
[EventCountry "CAN"]

1. Nf3 Nf6 2. g3 b6 3. Bg2 Bb7 4. d3 g6 5. e4 d6 6. Nc3 Bg7 7. O-O O-O 8. Nh4 e5 9. f4 exf4 10. gxf4 Nxe4 11. Nxe4 d5 12. Ng5 h6 13. Ngf3 Bf6 14. Qe1 Nc6 15. c3 Kh7 16. Bh3 Ba6 17. Qg3 Bxd3 18. Ng5+ hxg5 19. fxg5 Bxf1 20. gxf6 Bxh3 21. Qg5 Kg8 22. Nxg6 1-0

[Event "Western Canadian op"]
[Site "Richmond CAN"]
[Date "2004.07.17"]
[Round "9.25"]
[White "Sullivan, Brian"]
[Black "Lee, Mau Seng"]
[Result "1-0"]
[WhiteElo "1629"]
[BlackElo "1949"]
[PlyCount "48"]
[GameId "2160767911095709"]
[EventDate "2004.07.09"]
[EventType "swiss"]
[EventRounds "10"]
[EventCountry "CAN"]

1. d4 d5 2. c4 c6 3. Nc3 Nf6 4. e3 Bf5 5. Bd3 Qd7 6. Nf3 Bxd3 7. Ne5 Qf5 8. Nxd3 dxc4 9. Nc5 b6 10. e4 Qg6 11. e5 Qxg2 12. Rf1 Nd5 13. Nxd5 Qxd5 14. Na4 e6 15. a3 c5 16. Nc3 Qxd4 17. Qa4+ Nd7 18. Be3 Qxe5 19. O-O-O Qc7 20. Nb5 Qb7 21. Rxd7 Qxd7 22. Rd1 Qxd1+ 23. Kxd1 Rd8+ 24. Kc2 Bd6 1-0

[Event "Western Canadian op"]
[Site "Richmond CAN"]
[Date "2004.07.17"]
[Round "9.26"]
[White "Daswani, Benedict"]
[Black "Cheng, Jack"]
[Result "1-0"]
[WhiteElo "1854"]
[BlackElo "1257"]
[PlyCount "61"]
[GameId "2160767911095710"]
[EventDate "2004.07.09"]
[EventType "swiss"]
[EventRounds "10"]
[EventCountry "CAN"]

1. g3 Nf6 2. d3 g6 3. Bg2 Bg7 4. e4 d6 5. Nc3 Nc6 6. h3 O-O 7. Be3 e5 8. Qd2 a6 9. O-O-O b5 10. Bg5 Be6 11. Rf1 Qb8 12. h4 b4 13. Nd5 Bxd5 14. exd5 Ne7 15. h5 Re8 16. Be4 Nxe4 17. dxe4 Qb5 18. Nf3 Qc4 19. Bh6 Bh8 20. hxg6 fxg6 21. Ng5 Qxa2 22. Qe2 Qa1+ 23. Kd2 Qxb2 24. Qg4 Qc3+ 25. Kd1 Qd4+ 26. Ke2 Qc4+ 27. Kf3 Qc3+ 28. Kg2 Nc8 29. Qd7 Re7 30. Qd8+ Re8 31. Qxe8# 1-0

[Event "Western Canadian op"]
[Site "Richmond CAN"]
[Date "2004.07.17"]
[Round "9.28"]
[White "Raymer, Elliot"]
[Black "Sum, Peter"]
[Result "0-1"]
[WhiteElo "1561"]
[BlackElo "1791"]
[PlyCount "58"]
[GameId "2160767911095712"]
[EventDate "2004.07.09"]
[EventType "swiss"]
[EventRounds "10"]
[EventCountry "CAN"]

1. e4 e5 2. Nf3 Nf6 3. Nxe5 d6 4. Nf3 Nxe4 5. Qe2 Qe7 6. d3 Nf6 7. h3 Qxe2+ 8. Bxe2 d5 9. Nc3 Bd7 10. Bg5 c6 11. O-O Bd6 12. Rfe1 O-O 13. Bxf6 gxf6 14. Nd4 Bc5 15. Nb3 Bd6 16. Bf3 Kh8 17. Re2 Rg8 18. Kh1 Na6 19. d4 b6 20. Rae1 Nc7 21. Re3 Rg6 22. Bh5 Rh6 23. Bf3 Rg8 24. Be2 Ne6 25. g4 Nf4 26. Rd1 Bxg4 27. Bxg4 Rxg4 28. Re8+ Kg7 29. Ne2 Rxh3# 0-1